Psychology in industry (Record no. 24163)

000 -LEADER
fixed length control field 00785cam a2200241 4500
001 - CONTROL NUMBER
control field 279603
003 - CONTROL NUMBER IDENTIFIER
control field NUST
005 - DATE AND TIME OF LATEST TRANSACTION
control field 20170519115808.0
008 - FIXED-LENGTH DATA ELEMENTS--GENERAL INFORMATION
fixed length control field 700725s1965 maua b 001 0 eng
010 ## - LIBRARY OF CONGRESS CONTROL NUMBER
LC control number 65001728
040 ## - CATALOGING SOURCE
Original cataloging agency DLC
Transcribing agency RCMS
Modifying agency DLC
050 00 - LIBRARY OF CONGRESS CALL NUMBER
Classification number 5548.8 HF
Item number .M2 1965
082 00 - DEWEY DECIMAL CLASSIFICATION NUMBER
Classification number 658.01
100 1# - MAIN ENTRY--PERSONAL NAME
Personal name Maier, Norman R. F.
Fuller form of name (Norman Raymond Frederick),
Dates associated with a name 1900-1977.
9 (RLIN) 1202
245 10 - TITLE STATEMENT
Title Psychology in industry
Statement of responsibility, etc. [by] Norman R. F. Maier.
250 ## - EDITION STATEMENT
Edition statement 3d ed.
260 ## - PUBLICATION, DISTRIBUTION, ETC.
Place of publication, distribution, etc. Boston,
Name of publisher, distributor, etc. Houghton Mifflin
Date of publication, distribution, etc. [1965]
300 ## - PHYSICAL DESCRIPTION
Extent xiv, 718 p.
Other physical details illus.
Dimensions 25 cm.
504 ## - BIBLIOGRAPHY, ETC. NOTE
Bibliography, etc. note Includes bibliographical references.
538 ## - SYSTEM DETAILS NOTE
Display text Shelf # 13, Row # 2, Fiction.
650 #0 - SUBJECT ADDED ENTRY--TOPICAL TERM
Topical term or geographic name entry element Psychology, Industrial.
9 (RLIN) 1203
650 #0 - SUBJECT ADDED ENTRY--TOPICAL TERM
Topical term or geographic name entry element Personnel management.
9 (RLIN) 1204
856 ## - ELECTRONIC LOCATION AND ACCESS
Materials specified Table of Contents Only.
906 ## - LOCAL DATA ELEMENT F, LDF (RLIN)
a 7
b cbc
c orignew
d u
e ncip
f 19
g y-gencatlg
942 ## - ADDED ENTRY ELEMENTS (KOHA)
Source of classification or shelving scheme
Koha item type Book
Holdings
Withdrawn status Lost status Source of classification or shelving scheme Damaged status Not for loan Permanent Location Current Location Shelving location Date acquired Total Checkouts Full call number Barcode Date last seen Price effective from Koha item type
          School of Interdisciplinary Engineering and Sciences (SINES) School of Interdisciplinary Engineering and Sciences (SINES) General Stacks 05/08/2014   658.01MAI RCMS000831 05/08/2014 05/08/2014 Book
          School of Interdisciplinary Engineering and Sciences (SINES) School of Interdisciplinary Engineering and Sciences (SINES) General Stacks 05/08/2014   658.01MAI RCMS000832 05/08/2014 05/08/2014 Book
© 2023 Central Library, National University of Sciences and Technology. All Rights Reserved.